One Life To Live (Record no. 369817)

MARC details
000 -LEADER
fixed length control field 00441nam a2200169 4500
005 - DATE AND TIME OF LATEST TRANSACTION
control field 20260109133544.0
008 - FIXED-LENGTH DATA ELEMENTS--GENERAL INFORMATION
fixed length control field 260109b |||||||| |||| 00| 0 eng d
020 ## - INTERNATIONAL STANDARD BOOK NUMBER
International Standard Book Number 978-93-7089-190-6
041 ## - LANGUAGE CODE
Language code of text/sound track or separate title English
082 ## - DEWEY DECIMAL CLASSIFICATION NUMBER
Classification number X 823 UMA
Item number B12150
100 ## - MAIN ENTRY--PERSONAL NAME
Author Umakanthan,Saranya
245 ## - TITLE STATEMENT
Title One Life To Live
260 ## - PUBLICATION, DISTRIBUTION, ETC.
Place of publication, distribution, etc. New Delhi
Name of publisher, distributor, etc. Fingerprint publishing
Date of publication, distribution, etc. 2025
300 ## - PHYSICAL DESCRIPTION
Extent 224p.
Other physical details pb
365 ## - TRADE PRICE
Price type code Rupaye
Price amount 149
Currency code INR
942 ## - ADDED ENTRY ELEMENTS (KOHA)
Koha item type Books
Holdings
Withdrawn status Lost status Source of classification or shelving scheme Damaged status Not for loan Collection code Home library Current library Date acquired Vendor Net Price Bill number Total Checkouts Full call number Barcode Date last seen Date last checked out Discount Actual Price Bill Date Koha item type Original Barcode
    Dewey Decimal Classification     Fiction Smt. Bakul Tambat Institute of Nursing Education Smt. Bakul Tambat Institute of Nursing Education 30/12/2025 Amazon(online) 171-7413001-8234748 141.55 HYD8-7008103 1 X 823 UMA B12150 BTIN-BK-12150 21/02/2026 02/02/2026 7.45 149.00 04/12/2025 Books BTIN-BK-12150